[Event "Mondiale Lampo FIDE 2019"]
[Site "Mosca"]
[Date "30.12.2019"]
[Round "14.18"]
[White "Amin, Bassem"]
[Black "Gareyev, Timur"]
[Result "0-1"]
[WhiteTitle "GM"]
[BlackTitle "GM"]
[WhiteElo "2683"]
[BlackElo "2598"]
[WhiteFideId "10601457"]
[BlackFideId "14200937"]
[EventDate "2019.12.29"]

1. e4 e5 2. Nf3 Nc6 3. Bc4 Nf6 4. d3 h6 5. O-O d6 6. c3 g5 7. Bb3 g4 8. Nfd2 h5
9. Nc4 Bh6 10. f4 gxf3 11. Qxf3 Bxc1 12. Rxc1 Bg4 13. Qf2 Be6 14. Ne3 Ng4 15.
Nxg4 hxg4 16. Nd2 Qg5 17. Nf1 O-O-O 18. Ba4 f5 19. exf5 Bxf5 20. d4 Be4 21. Qe3
Qg6 22. Re1 Bd5 23. Bxc6 Bxc6 24. dxe5 dxe5 25. Qxa7 b6 26. Qa6+ Kb8 27. a4 g3
28. h3 Rxh3 29. gxh3 Qh5 30. Qc4 Qf3 31. Qxc6 Qxc6 32. Re3 g2 33. Nh2 Qc5 34.
Ng4 Rd2 35. b4 Qf8 36. Rae1 Qh8 37. Nxe5 Qh4 38. Ng4 Kb7 39. a5 bxa5 40. bxa5
Ra2 41. Kh2 Qg5 42. Kg1 Qc5 43. Kh2 Rc2 44. Kg3 Rxc3 45. Kxg2 Rc2+ 46. R1e2 Qd5+
47. Kf2 Rxe2+ 48. Rxe2 Qxa5 49. Kg3 Qc3+ 50. Re3 Qd2 51. h4 c5 52. h5 Qd6+ 53.
Kh4 Qd8+ 54. Kg3 Qd6+ 55. Kh4 Qd8+ 56. Kh3 c4 57. h6 Qh8 58. Re7+ Kb6 59. h7 c3
60. Ne5 c2 61. Nd3 Kb5 62. Rc7 Ka4 63. Kg4 Qd8 64. Rxc2 Qd7+ 65. Kf4 Qxh7 66.
Rc4+ 0-1

[Event "Mondiale Lampo FIDE 2019"]
[Site "Mosca"]
[Date "30.12.2019"]
[Round "14.19"]
[White "Savchenko, Boris"]
[Black "Nihal, Sarin"]
[Result "0-1"]
[WhiteTitle "GM"]
[BlackTitle "GM"]
[WhiteElo "2577"]
[BlackElo "2612"]
[WhiteFideId "4147332"]
[BlackFideId "25092340"]
[EventDate "2019.12.29"]

1. d4 Nf6 2. c4 e6 3. Nf3 d5 4. Nc3 Bb4 5. Bg5 dxc4 6. e4 h6 7. Bxf6 Qxf6 8.
Bxc4 O-O 9. O-O c5 10. e5 Qd8 11. d5 Bxc3 12. bxc3 exd5 13. Bxd5 Nc6 14. Bxc6
bxc6 15. Qa4 Qb6 16. Qa3 Qb5 17. Rfe1 Be6 18. Rab1 Qc4 19. Rb2 Rfd8 20. Nd2 Qf4
21. g3 Qf5 22. Qxc5 Rd3 23. Nf1 Rad8 24. c4 Rd1 25. Rbe2 Qf3 26. Qe3 Qg4 27. Qe4
Qxe4 28. Rxe4 Rxe1 29. Rxe1 Bxc4 30. Ne3 Bxa2 31. Rc1 a5 32. Rxc6 Ra8 33. Rc3 a4
34. Ra3 Bb3 35. Kf1 Re8 36. f4 f6 37. Ke2 fxe5 38. f5 e4 39. g4 Kf7 40. Nf1 Bc4+
41. Kf2 Bxf1 42. Kxf1 Ra8 43. Kf2 Kf6 44. Ke3 Ke5 45. h3 Ra7 46. Ke2 Kf4 47. Kf2
h5 48. gxh5 Kxf5 49. Ke2 Kf4 50. Kf2 Ra5 51. Ke2 Rxh5 52. Rxa4 Rxh3 53. Ra7 Rh2+
54. Ke1 g5 55. Rf7+ Ke3 56. Kf1 g4 57. Ra7 Rf2+ 58. Kg1 Rf3 59. Ra3+ Kf4 60. Ra2
g3 61. Kg2 Rb3 62. Rc2 Rd3 63. Ra2 Kg4 64. Rb2 Rf3 65. Ra2 e3 66. Kg1 Rf2 67.
Ra8 e2 68. Ra1 0-1

[Event "Mondiale Lampo FIDE 2019"]
[Site "Mosca"]
[Date "30.12.2019"]
[Round "14.20"]
[White "Abdusattorov, Nodirbek"]
[Black "Adly, Ahmed"]
[Result "0-1"]
[WhiteTitle "GM"]
[BlackTitle "GM"]
[WhiteElo "2635"]
[BlackElo "2607"]
[WhiteFideId "14204118"]
[BlackFideId "10601619"]
[EventDate "2019.12.29"]

1. e4 c6 2. Nc3 d5 3. Nf3 Bg4 4. h3 Bxf3 5. Qxf3 e6 6. d4 dxe4 7. Qxe4 Nf6 8.
Qd3 Be7 9. g3 Na6 10. a3 Qb6 11. Bg2 Rd8 12. Ne2 e5 13. c3 Nc5 14. dxc5 Bxc5 15.
Qf5 Bxf2+ 16. Qxf2 Rd1+ 17. Kxd1 Qxf2 18. Rg1 O-O 19. Bd2 Rd8 20. Rc1 e4 21. Rc2
e3 22. c4 Rxd2+ 23. Rxd2 exd2 24. Kxd2 Nd7 25. Be4 Ne5 26. Rc1 f5 27. Bb1 g5 28.
Rc3 f4 29. gxf4 gxf4 0-1

[Event "Mondiale Lampo FIDE 2019"]
[Site "Mosca"]
[Date "30.12.2019"]
[Round "14.21"]
[White "Sargissian, Gabriel"]
[Black "Safarli, Eltaj"]
[Result "1/2-1/2"]
[WhiteTitle "GM"]
[BlackTitle "GM"]
[WhiteElo "2689"]
[BlackElo "2601"]
[WhiteFideId "13300881"]
[BlackFideId "13402129"]
[EventDate "2019.12.29"]

1. d4 e6 2. Nf3 Nf6 3. c4 d5 4. g3 Be7 5. Bg2 O-O 6. O-O dxc4 7. Qc2 a6 8. a4
Bd7 9. Qxc4 Bc6 10. Bg5 Bd5 11. Qc2 Be4 12. Qd1 h6 13. Bxf6 Bxf6 14. Nc3 Bh7 15.
e4 Nc6 16. e5 Be7 17. Qd2 Nb4 18. Rfd1 c5 19. d5 exd5 20. Nxd5 Qxd5 21. Qxd5
Nxd5 22. Rxd5 Rfd8 23. Rad1 Bc2 24. Rxd8+ Rxd8 25. Rxd8+ Bxd8 26. Ne1 Bxa4 27.
Bxb7 Bb5 28. Nc2 c4 29. Na3 Bb6 30. Nxb5 axb5 31. Ba6 1/2-1/2

[Event "Mondiale Lampo FIDE 2019"]
[Site "Mosca"]
[Date "30.12.2019"]
[Round "14.22"]
[White "Tomashevsky, Evgeny"]
[Black "Wojtaszek, Radoslaw"]
[Result "1-0"]
[WhiteTitle "GM"]
[BlackTitle "GM"]
[WhiteElo "2705"]
[BlackElo "2725"]
[WhiteFideId "4147235"]
[BlackFideId "1118358"]
[EventDate "2019.12.29"]

1. c4 Nf6 2. Nf3 b6 3. g3 Bb7 4. Bg2 g6 5. d4 Bg7 6. O-O O-O 7. Qc2 c5 8. d5 b5
9. e4 bxc4 10. Rd1 d6 11. Na3 Nbd7 12. Nxc4 Rb8 13. Bd2 Nb6 14. Na5 Qd7 15. Rac1
Qa4 16. Re1 Qxc2 17. Rxc2 Nfd7 18. Nxb7 Rxb7 19. b3 c4 20. bxc4 Rc8 21. Bf1 Na4
22. Be3 Ndc5 23. Nd4 Nxe4 24. Nc6 Bf6 25. Bg2 Nec5 26. Bf3 h5 27. h3 Rcc7 28.
Kg2 Rb2 29. Rxb2 Nxb2 30. Be2 a6 31. Rb1 Rb7 32. Bxc5 dxc5 33. g4 hxg4 34. hxg4
g5 35. a4 Rb3 36. a5 Ra3 37. Re1 Kf8 38. Rb1 Ra2 39. Kf1 Na4 40. Rb8+ Kg7 41.
Rb7 Nc3 42. Bf3 Ra1+ 43. Kg2 Re1 44. Rb6 Na4 45. Rxa6 Nb2 46. Ra8 Nd3 47. a6 Ra1
48. Be4 Nf4+ 49. Kh2 Bd4 50. a7 Bxf2 51. Rb8 Bg1+ 52. Kh1 Be3+ 53. Rb1 Ra2 54.
Rb8 Ra1+ 55. Bb1 Ne2 56. a8=Q 1-0

[Event "Mondiale Lampo FIDE 2019"]
[Site "Mosca"]
[Date "30.12.2019"]
[Round "14.23"]
[White "Mamedov, Rauf"]
[Black "Sethuraman, S.P."]
[Result "1-0"]
[WhiteTitle "GM"]
[BlackTitle "GM"]
[WhiteElo "2659"]
[BlackElo "2638"]
[WhiteFideId "13401653"]
[BlackFideId "5021596"]
[EventDate "2019.12.29"]

1. e4 c5 2. c3 Nf6 3. e5 Nd5 4. Nf3 d6 5. Bc4 Nb6 6. Bb3 c4 7. Bc2 dxe5 8. Nxe5
Qd5 9. Nf3 Bg4 10. d4 cxd3 11. Qxd3 Qxd3 12. Bxd3 Nc6 13. Be4 e6 14. h3 Bh5 15.
Bf4 O-O-O 16. Nbd2 Be7 17. O-O-O Bg6 18. Bxc6 bxc6 19. Ne5 Kb7 20. Nxg6 hxg6 21.
Ne4 Rd5 22. Bd6 Bf6 23. b3 Rd8 24. c4 Rxd1+ 25. Rxd1 Nc8 26. Kc2 Kb6 27. Bc5+
Kc7 28. Rxd8 Bxd8 29. Bf8 Bf6 30. Nxf6 gxf6 31. Bg7 f5 32. Be5+ Kd7 33. Bd4 Kd6
34. b4 e5 35. Bc5+ Ke6 36. a4 e4 37. b5 cxb5 38. axb5 f4 39. Kc3 f5 40. Kd4 Nb6
41. Bb4 Nd7 42. c5 a6 43. c6 Ne5 44. c7 1-0

[Event "Mondiale Lampo FIDE 2019"]
[Site "Mosca"]
[Date "30.12.2019"]
[Round "14.24"]
[White "Petrosyan, Manuel"]
[Black "Svidler, Peter"]
[Result "0-1"]
[WhiteTitle "GM"]
[BlackTitle "GM"]
[WhiteElo "2613"]
[BlackElo "2723"]
[WhiteFideId "13300857"]
[BlackFideId "4102142"]
[EventDate "2019.12.29"]

1. c4 e5 2. Nc3 Nc6 3. Nf3 f5 4. d3 Nf6 5. g3 Bb4 6. Bd2 d6 7. Bg2 a6 8. O-O O-O
9. Nd5 Bxd2 10. Nxd2 Ne7 11. b4 c6 12. Nxf6+ Rxf6 13. a4 a5 14. b5 c5 15. Nb1
Rb8 16. Nc3 Be6 17. f4 b6 18. Qd2 Qd7 19. Qe3 exf4 20. Qxf4 Re8 21. Rae1 d5 22.
e3 h6 23. Rd1 Rd8 24. d4 Qc8 25. dxc5 Qxc5 26. Qd4 Rc8 27. Nxd5 Bxd5 28. cxd5
Qxd4 29. Rxd4 Rd6 30. e4 fxe4 31. Rxe4 Rc7 32. Re6 Rcd7 33. Bh3 Kh7 34. Ree1 Rc7
35. Rf7 Nxd5 36. Bf5+ Kg8 37. Rxc7 Nxc7 38. Rc1 Ne8 39. h4 Kf7 40. h5 Ke7 41.
Bg6 Nf6 42. Kf2 Nd7 43. Re1+ Kf6 44. Kf3 Nc5 45. Re8 Nxa4 46. Rf8+ Ke5 47. Rf5+
Ke6 48. Rf7 Nc5 49. Rxg7 Rd7 50. Rg8 Ra7 51. Rh8 a4 52. Rxh6 a3 53. Bb1+ Ke5 54.
Ba2 Rd7 55. Rxb6 Rd2 56. Bg8 a2 57. Rb8 a1=Q 58. Re8+ 0-1

[Event "Mondiale Lampo FIDE 2019"]
[Site "Mosca"]
[Date "30.12.2019"]
[Round "14.25"]
[White "Karjakin, Sergey"]
[Black "Fridman, Daniel"]
[Result "1-0"]
[WhiteTitle "GM"]
[BlackTitle "GM"]
[WhiteElo "2754"]
[BlackElo "2616"]
[WhiteFideId "14109603"]
[BlackFideId "11600454"]
[EventDate "2019.12.29"]

1. e4 e5 2. Nf3 Nf6 3. Nc3 Nc6 4. d4 exd4 5. Nxd4 Bb4 6. Nxc6 bxc6 7. Bd3 O-O 8.
O-O d5 9. Bd2 Rb8 10. Re1 Bg4 11. Qc1 Re8 12. h3 Bh5 13. exd5 Rxe1+ 14. Qxe1
cxd5 15. a3 Bf8 16. b4 c5 17. Bf4 Bd6 18. Bxd6 Qxd6 19. Nb5 Qb6 20. bxc5 Qxc5
21. Qb4 Qb6 22. Qf4 Bg6 23. Nd4 Bxd3 24. cxd3 Re8 25. Rc1 Qa6 26. Rc6 Qxa3 27.
Nf5 Qa1+ 28. Rc1 Qe5 29. Qf3 g6 30. Ne3 Kg7 31. Rc6 h5 32. g3 Re6 33. Rc8 Re7
34. Rc6 Rc7 35. Ra6 Rd7 36. Kg2 Qd4 37. Nc2 Qe5 38. Ne3 d4 39. Nc4 Qf5 40. Qxf5
gxf5 41. Ne5 Rc7 42. Nc6 f4 43. gxf4 Nd5 44. Kf3 Rd7 45. Ke4 Nc3+ 46. Kf5 Ne2
47. Ne5 Re7 48. Kg5 Ng1 49. h4 Nh3+ 50. Kf5 Nxf2 51. Ra4 Ng4 52. Nxg4 hxg4 53.
Kxg4 Rd7 54. Kg5 Rd5+ 55. f5 f6+ 56. Kf4 Rd7 57. Ke4 Kh6 58. Ra6 Kg7 59. h5 Re7+
60. Kxd4 Re5 61. h6+ Kh7 62. Rxf6 Ra5 63. Ke4 Ra1 64. d4 a5 65. Ra6 a4 66. Ke5
a3 67. d5 a2 68. Kf6 Kxh6 69. Kf7+ Kg5 70. f6 Kf5 71. d6 Rd1 72. Ra5+ Kf4 73.
Rxa2 1-0

[Event "Mondiale Lampo FIDE 2019"]
[Site "Mosca"]
[Date "30.12.2019"]
[Round "14.26"]
[White "Alekseev, Evgeny"]
[Black "Le, Quang Liem"]
[Result "1/2-1/2"]
[WhiteTitle "GM"]
[BlackTitle "GM"]
[WhiteElo "2620"]
[BlackElo "2713"]
[WhiteFideId "4138147"]
[BlackFideId "12401137"]
[EventDate "2019.12.29"]

1. c4 c5 2. Nf3 Nc6 3. Nc3 g6 4. e3 Nf6 5. d4 cxd4 6. exd4 d5 7. cxd5 Nxd5 8.
Qb3 e6 9. Bg5 Be7 10. Bh6 Bf8 11. Bg5 Be7 12. Bh6 Nxc3 13. bxc3 Bf8 14. Bg5 Be7
15. Bh6 Bf8 16. Bg5 Be7 17. Bh6 1/2-1/2

[Event "Mondiale Lampo FIDE 2019"]
[Site "Mosca"]
[Date "30.12.2019"]
[Round "14.27"]
[White "Andriasian, Zaven"]
[Black "Christiansen, Johan-Sebastian"]
[Result "1/2-1/2"]
[WhiteTitle "GM"]
[BlackTitle "GM"]
[WhiteElo "2611"]
[BlackElo "2597"]
[WhiteFideId "13302000"]
[BlackFideId "1512668"]
[EventDate "2019.12.29"]

1. e4 e5 2. Nf3 Nc6 3. Bc4 Nf6 4. d3 h6 5. c3 d6 6. O-O g5 7. Re1 Bg7 8. Na3 O-O
9. Nc2 g4 10. Nd2 d5 11. Bb3 Be6 12. Qe2 Re8 13. Ne3 h5 14. Bc2 d4 15. Nef1 Ne7
16. Bb3 Ng6 17. Nb1 Nf4 18. Bxf4 exf4 19. Nbd2 a5 20. Rac1 a4 21. Bxe6 Rxe6 22.
cxd4 Qxd4 23. Rxc7 Qxb2 24. Rb1 Qxa2 25. Rbxb7 Ree8 26. Qd1 Reb8 27. Rxb8+ Rxb8
28. Ra7 Qa3 29. Nc4 Qb3 30. Qe2 Rd8 31. e5 Nd5 32. e6 fxe6 33. Qxe6+ Kh8 34. Ne5
g3 35. hxg3 fxg3 36. Nxg3 Nf4 37. Nf7+ Kh7 38. Qxb3 axb3 39. Nxd8 b2 40. Rb7 Kg8
41. Nc6 Nxd3 42. Nf5 Bc3 43. Nce7+ Kf8 44. Nd5 Bd2 45. Nfe3 Bb4 46. Rxb4 Nxb4
47. Nc3 Nd3 48. Nb1 Kf7 49. Kf1 Kf6 50. Ke2 Nf4+ 51. Kf3 Nd3 52. Nc4 Ke6 53. Ke3
Ne1 54. g3 h4 55. gxh4 Ng2+ 56. Ke2 Nxh4 57. Nxb2 Nf5 58. Nd2 Nd4+ 59. Ke3 Nf5+
60. Kf4 Nd4 61. Nd3 Kd5 62. Nf3 Ne6+ 63. Ke3 Kd6 64. Nf4 Nc7 65. Ke4 Nb5 66. Ne2
Ke7 67. Nfd4 Nc7 68. Ke5 Na6 69. Nf4 Nc5 70. Nd5+ Kf7 71. f3 Nd3+ 72. Ke4 Nc5+
73. Ke3 Kg6 74. Nf4+ Kf6 75. Nd3 Nd7 76. Ne2 Nb6 77. Ke4 Nc4 78. f4 Nd6+ 79. Kf3
Nb5 80. Nf2 Kf5 81. Ke3 Nd6 82. Nd4+ Kg6 83. Ne4 Nc4+ 84. Kf3 Nb6 85. f5+ Kf7
86. Kf4 Nd5+ 87. Ke5 Ne3 88. Nd6+ Kg8 89. f6 Ng4+ 90. Ke6 Nxf6 91. Kxf6 Kh7 92.
N4f5 Kg8 93. Ke7 Kh7 94. Kf7 Kh8 95. Kg6 Kg8 96. Ne8 Kf8 97. Neg7 Kg8 98. Nd4
Kf8 99. Nc6 Kg8 100. Ne6 Kh8 101. Ncd4 Kg8 102. Nf5 Kh8 103. Nc5 Kg8 104. Nd7
Kh8 105. Kg5 Kg8 106. Kf6 Kh7 107. Kf7 Kh8 108. Nc5 Kh7 109. Ne6 Kh8 110. Kg6
Kg8 111. Ne7+ Kh8 112. Nd5 Kg8 113. Nf6+ Kh8 114. Nh5 Kg8 115. Ng3 Kh8 116. Nf5
Kg8 117. Nh6+ Kh8 118. Nf7+ Kg8 119. Nd6 Kh8 120. Kf7 Kh7 121. Nf5 Kh8 122. Nf4
Kh7 123. Ne6 Kh8 124. Nfd4 Kh7 125. Nf5 Kh8 126. Nf4 Kh7 127. Kf6 Kg8 128. Ng6
Kh7 129. Ne5 Kg8 130. Nd7 Kh7 131. Kg5 Kg8 132. Kg6 Kh8 133. Nf8 Kg8 134. Nh7
Kh8 135. Ng5 Kg8 136. Ne6 Kh8 137. Nd6 Kg8 138. Nc8 Kh8 139. Nb6 Kg8 140. Nd5
Kh8 141. Ne3 Kg8 142. Ng4 Kh8 143. Kf7 Kh7 144. Ng5+ Kh8 145. Nf3 Kh7 146. Nd4
Kh8 147. Ne6 Kh7 148. Nf4 Kh8 149. Ng6+ Kh7 150. Kf6 Kg8 151. Nh6+ Kh7 152. Kg5
Kg7 153. Ne5 Kf8 154. Kf6 Ke8 155. Nhf7 Kf8 156. Nd6 Kg8 157. Ng6 Kh7 158. Ne4
Kg8 159. Nf4 Kf8 160. Nd6 Kg8 161. Ne6 Kh7 162. Nf5 Kg8 163. Ke7 Kh7 164. Kf7
Kh8 165. Nf4 Kh7 166. Nh5 Kh8 167. Nd4 Kh7 168. Nf5 Kh8 169. Nf4 Kh7 170. Ne6
Kh8 171. Kf6 Kg8 172. Ng5 Kf8 173. Ng7 Kg8 174. N5e6 Kh7 175. Nf5 Kg8 176. Kg6
Kh8 177. Ng5 Kg8 178. Nh7 Kh8 179. Nd4 Kg8 180. Ne6 Kh8 181. Nhg5 Kg8 182. Kf6
Kh8 1/2-1/2

[Event "Mondiale Lampo FIDE 2019"]
[Site "Mosca"]
[Date "30.12.2019"]
[Round "14.28"]
[White "Korobov, Anton"]
[Black "Sasikiran, Krishnan"]
[Result "1-0"]
[WhiteTitle "GM"]
[BlackTitle "GM"]
[WhiteElo "2668"]
[BlackElo "2656"]
[WhiteFideId "14105730"]
[BlackFideId "5004985"]
[EventDate "2019.12.29"]

1. d4 e6 2. c4 f5 3. a3 Nf6 4. Nc3 b6 5. d5 Bb7 6. g3 Bd6 7. Bg2 Be5 8. Bd2 O-O
9. Nh3 Qe8 10. O-O Na6 11. b4 c5 12. Qb3 exd5 13. cxd5 Rc8 14. Rad1 d6 15. Nf4
Nc7 16. bxc5 dxc5 17. d6+ c4 18. Qxc4+ Ncd5 19. Qb3 Bxc3 20. Nxd5 Bxd5 21. Bxd5+
Nxd5 22. Qxd5+ Qf7 23. Qxf7+ Kxf7 24. d7 1-0

[Event "Mondiale Lampo FIDE 2019"]
[Site "Mosca"]
[Date "30.12.2019"]
[Round "14.30"]
[White "Nozdrachev, Vladislav"]
[Black "Iturrizaga Bonelli, Eduardo"]
[Result "1-0"]
[WhiteTitle "IM"]
[BlackTitle "GM"]
[WhiteElo "2494"]
[BlackElo "2597"]
[WhiteFideId "24113441"]
[BlackFideId "3901211"]
[EventDate "2019.12.29"]

1. e4 c5 2. Nf3 Nc6 3. Bb5 Na5 4. O-O a6 5. Be2 d6 6. c3 Nf6 7. Re1 g6 8. Bf1
Bg7 9. d4 cxd4 10. cxd4 O-O 11. Nc3 b5 12. e5 dxe5 13. dxe5 Qxd1 14. Rxd1 Ng4
15. Bf4 Bb7 16. Nd5 Rfd8 17. Nxe7+ Kf8 18. Bg5 Rxd1 19. Rxd1 h6 20. Bd2 Bxf3 21.
gxf3 Nxe5 22. Bxa5 Kxe7 23. Bb4+ Ke8 24. f4 Nf3+ 25. Kh1 Nd4 26. Bg2 Rd8 27.
Re1+ Kd7 28. Re7+ Kc8 29. Rxf7 Bh8 30. Bb7+ Kb8 31. Bxa6 Re8 32. Bd6+ Ka8 33.
Bb7+ 1-0

[Event "Mondiale Lampo FIDE 2019"]
[Site "Mosca"]
[Date "30.12.2019"]
[Round "14.31"]
[White "Grigoriants, Sergey"]
[Black "Jakovenko, Dmitry"]
[Result "1-0"]
[WhiteTitle "GM"]
[BlackTitle "GM"]
[WhiteElo "2542"]
[BlackElo "2698"]
[WhiteFideId "4130804"]
[BlackFideId "4122356"]
[EventDate "2019.12.29"]

1. e4 c5 2. Nf3 d6 3. d4 cxd4 4. Nxd4 Nf6 5. Nc3 a6 6. Be3 e5 7. Nb3 Be6 8. f3
Nbd7 9. Qd2 h5 10. Nd5 Bxd5 11. exd5 Qc7 12. O-O-O Be7 13. Kb1 Nb6 14. Qa5 Rc8
15. c3 Bd8 16. Be2 Nc4 17. Qxc7 Rxc7 18. Bxc4 Rxc4 19. Nd2 Rc8 20. c4 b5 21. Rc1
Kd7 22. Rhd1 Ba5 23. Nb3 Bb4 24. cxb5 Rxc1+ 25. Rxc1 Nxd5 26. Bf2 axb5 27. a3
Bc5 28. Nxc5+ dxc5 29. Rxc5 Kd6 30. Rxb5 Ra8 31. Rb7 Ke6 32. Ka2 Nf4 33. Rb6+
Kf5 34. g3 Nd3 35. Be3 Ne1 36. Rb7 Ke6 37. f4 Ng2 38. Bd2 e4 39. Rb5 f6 40. Rxh5
e3 41. Bc3 e2 42. Rb5 Rc8 43. f5+ Kf7 44. Rb7+ Ke8 45. Bb4 1-0

[Event "Mondiale Lampo FIDE 2019"]
[Site "Mosca"]
[Date "30.12.2019"]
[Round "14.32"]
[White "Motylev, Alexander"]
[Black "Sakaev, Konstantin"]
[Result "1-0"]
[WhiteTitle "GM"]
[BlackTitle "GM"]
[WhiteElo "2640"]
[BlackElo "2596"]
[WhiteFideId "4121830"]
[BlackFideId "4104226"]
[EventDate "2019.12.29"]

1. e4 c5 2. Nf3 d6 3. Bb5+ Bd7 4. Bxd7+ Qxd7 5. c4 Nc6 6. Nc3 g6 7. d4 cxd4 8.
Nxd4 Bg7 9. Be3 Nf6 10. f3 O-O 11. O-O Rac8 12. b3 a6 13. Qd3 e6 14. Rad1 Rfd8
15. Na4 Nxd4 16. Bxd4 Rc6 17. Bb6 Rdc8 18. e5 Ne8 19. f4 Qe7 20. Qe3 Bh6 21. Qh3
Bf8 22. Kh1 Ng7 23. Qf3 Nf5 24. g4 Nh4 25. Qe4 dxe5 26. fxe5 g5 27. Qd4 Ng6 28.
h3 Bg7 29. Bd8 Qe8 30. Bf6 b5 31. Nb6 Rb8 32. Nd7 Rbc8 33. Bxg7 Kxg7 34. Nf6 Qe7
35. Qe3 Qb7 36. Kh2 h6 37. Rd7 R6c7 38. Nh5+ Kg8 39. Rfxf7 Rxd7 40. Rxd7 Rc7 41.
Rd8+ Nf8 42. Nf6+ 1-0

[Event "Mondiale Lampo FIDE 2019"]
[Site "Mosca"]
[Date "30.12.2019"]
[Round "14.33"]
[White "Paravyan, David"]
[Black "Kobalia, Mikhail"]
[Result "1-0"]
[WhiteTitle "GM"]
[BlackTitle "GM"]
[WhiteElo "2629"]
[BlackElo "2609"]
[WhiteFideId "4194985"]
[BlackFideId "4119150"]
[EventDate "2019.12.29"]

1. e4 c6 2. d4 d5 3. f3 e6 4. Nc3 Nf6 5. e5 Nfd7 6. f4 c5 7. Nf3 Nc6 8. Be3 Qb6
9. Na4 Qa5+ 10. c3 c4 11. b4 Qc7 12. Be2 Be7 13. g4 O-O 14. g5 f6 15. gxf6 gxf6
16. Kd2 Kh8 17. a3 b5 18. Nc5 Nxc5 19. dxc5 Bd7 20. Rg1 a5 21. Kc2 Be8 22. Nd4
Nxd4+ 23. Bxd4 axb4 24. axb4 Rxa1 25. Qxa1 Bg6+ 26. Kb2 Qb7 27. Qa5 fxe5 28.
Bxe5+ Bf6 29. Bxf6+ Rxf6 30. Qd8+ Kg7 31. h4 Rf8 32. Qd6 Ra8 33. Ra1 Rxa1 34.
Kxa1 Qa7+ 35. Kb2 Qa4 36. Qe7+ Bf7 37. Qg5+ Kf8 38. Qe5 Bg6 39. Qf6+ Kg8 40.
Qxe6+ Kg7 41. Qe5+ Kh6 42. Qg5+ Kg7 43. Qe5+ Kh6 44. f5 Qb3+ 45. Kc1 Bxf5 46.
Qf6+ Bg6 1-0

[Event "Mondiale Lampo FIDE 2019"]
[Site "Mosca"]
[Date "30.12.2019"]
[Round "14.34"]
[White "Rakhmanov, Aleksandr"]
[Black "Kamsky, Gata"]
[Result "1/2-1/2"]
[WhiteTitle "GM"]
[BlackTitle "GM"]
[WhiteElo "2645"]
[BlackElo "2677"]
[WhiteFideId "4173708"]
[BlackFideId "2000024"]
[EventDate "2019.12.29"]

1. d4 g6 2. Nf3 Bg7 3. g3 Nf6 4. Bg2 d5 5. O-O O-O 6. c4 c6 7. Nbd2 a5 8. b3 Bf5
9. Bb2 Ne4 10. Nh4 Nxd2 11. Qxd2 Be6 12. Nf3 h6 13. cxd5 Bxd5 14. Qd3 a4 15. e4
Be6 16. b4 a3 17. Bxa3 Qb6 18. b5 Qxb5 19. Qxb5 cxb5 20. Bxe7 Re8 21. Bc5 Nd7
22. Bb4 Bxa2 23. Rfe1 Ra4 24. Bf1 Rxb4 25. Rxa2 Bxd4 26. Rd1 Ne5 27. Nxe5 Rxe5
28. Rad2 Bc5 29. Bg2 g5 30. h3 h5 31. Kh2 g4 32. Rd5 Rxd5 33. Rxd5 Bxf2 34. Rxh5
gxh3 35. Kxh3 Rb3 36. Rg5+ Kf8 37. e5 b4 38. Bd5 Rd3 39. e6 fxe6 40. Bxe6 b3 41.
Bxb3 Rxb3 42. Rf5+ 1/2-1/2

[Event "Mondiale Lampo FIDE 2019"]
[Site "Mosca"]
[Date "30.12.2019"]
[Round "14.35"]
[White "Hansen, Eric"]
[Black "Gelfand, Boris"]
[Result "1/2-1/2"]
[WhiteTitle "GM"]
[BlackTitle "GM"]
[WhiteElo "2606"]
[BlackElo "2684"]
[WhiteFideId "2606771"]
[BlackFideId "2805677"]
[EventDate "2019.12.29"]

1. e4 c5 2. Nf3 Nc6 3. Bb5 g6 4. Bxc6 bxc6 5. O-O Bg7 6. c3 Nf6 7. Re1 O-O 8. h3
d6 9. d4 cxd4 10. cxd4 c5 11. dxc5 dxc5 12. Qc2 Bb7 13. Nc3 Qc7 14. Bg5 Rfd8 15.
Rac1 h6 16. Be3 Rac8 17. b3 Qa5 18. Nd2 Ba6 19. Nc4 Bxc4 20. bxc4 Nd7 21. Nd5
Re8 22. Red1 e6 23. Nc3 Nb6 24. Nb5 Red8 25. Rd2 Rxd2 26. Bxd2 Qa4 27. Qb3 Kh7
28. Be3 Qa5 29. Rd1 Qb4 30. Qxb4 cxb4 31. Nd6 Rd8 32. c5 Nc4 33. Kf1 Be5 34. Ke2
Nxd6 35. cxd6 Bxd6 36. Bxa7 Ra8 37. Rxd6 Rxa7 38. Rd2 Kg7 39. Rb2 Ra3 40. Rxb4
Rxa2+ 1/2-1/2

[Event "Mondiale Lampo FIDE 2019"]
[Site "Mosca"]
[Date "30.12.2019"]
[Round "14.36"]
[White "Alekseenko, Kirill"]
[Black "Anton Guijarro, David"]
[Result "1-0"]
[WhiteTitle "GM"]
[BlackTitle "GM"]
[WhiteElo "2704"]
[BlackElo "2685"]
[WhiteFideId "4135539"]
[BlackFideId "2285525"]
[EventDate "2019.12.29"]

1. d4 f5 2. Nc3 Nf6 3. Bg5 d5 4. Bxf6 exf6 5. e3 Be6 6. Bd3 Nc6 7. Nce2 Qd7 8.
c3 Ne7 9. h4 g6 10. Nf3 Nc8 11. Nd2 Nd6 12. Qc2 Ne4 13. Nb3 b6 14. a4 a5 15. Bb5
c6 16. Bd3 Bf7 17. h5 g5 18. f3 Nd6 19. Nd2 Bh6 20. Ng3 Be6 21. e4 fxe4 22. fxe4
O-O 23. O-O g4 24. Rae1 Rae8 25. Re2 Qg7 26. Rfe1 Bf4 27. Ndf1 dxe4 28. Nxe4
Nxe4 29. Rxe4 Bd7 30. Qb3+ Kh8 31. Rxe8 Rxe8 32. Rxe8+ Bxe8 33. Qxb6 Qe7 34.
Qxa5 g3 35. Qc5 Bd6 36. Qf5 Bd7 37. Qf3 Qe1 38. Qxf6+ Kg8 39. Qxd6 Qf2+ 40. Kh1 1-0

[Event "Mondiale Lampo FIDE 2019"]
[Site "Mosca"]
[Date "30.12.2019"]
[Round "14.37"]
[White "Vallejo Pons, Francisco"]
[Black "Predke, Alexandr"]
[Result "1-0"]
[WhiteTitle "GM"]
[BlackTitle "GM"]
[WhiteElo "2704"]
[BlackElo "2676"]
[WhiteFideId "2205530"]
[BlackFideId "24107581"]
[EventDate "2019.12.29"]

1. e4 c6 2. Nc3 d5 3. Nf3 dxe4 4. Nxe4 Nf6 5. Qe2 Nxe4 6. Qxe4 Qa5 7. Qf4 Qf5 8.
Qe3 Qe6 9. b3 Qxe3+ 10. fxe3 Bf5 11. Bb2 Nd7 12. O-O-O e6 13. Rg1 h6 14. g4 Bh7
15. h4 Rg8 16. g5 h5 17. Nd4 Bg6 18. Bh3 Bd6 19. Rdf1 Be5 20. Ne2 Bxb2+ 21. Kxb2
e5 22. d4 Ke7 23. Bxd7 Kxd7 24. dxe5 Rae8 25. Nf4 Rxe5 26. Nxg6 fxg6 27. Rf7+
Re7 28. Rgf1 Re8 29. Kc3 Kd6 30. Rxe7 Rxe7 31. Kd3 Rd7 32. Rf4 Ke5+ 33. Rd4 Rf7
34. Rd8 Kf5 35. Rd4 Ke5 36. Re4+ Kd6 37. Re8 Kd7 38. Rb8 Ke6 39. e4 c5 40. Ke3
Re7 41. a4 Kd6 42. a5 Kc6 43. c4 Kc7 44. Ra8 a6 45. Rg8 Kd6 46. Rd8+ Kc6 47. Rd5
Rf7 48. e5 Rf1 49. Rd6+ Kc7 50. Rxg6 Rb1 51. Rxg7+ Kc6 52. Rg6+ Kc7 53. Rb6 Rh1
54. Kf4 Rxh4+ 55. Kf5 Rh3 56. Rh6 Rxb3 57. g6 b5 58. axb6+ Rxb6 59. g7 Rxh6 60.
g8=Q Rc6 61. Qh7+ Kb6 62. Qxh5 a5 63. Qe8 a4 64. Qb8+ 1-0